Greek Mythology: Gods and Creatures - Statistics

General Stats
  • This quiz has been taken 349 times
  • The average score is 40 of 57
Answer Stats
Hint Answer % Correct
Queen of the Gods Hera
100%
King of the Gods Zeus
100%
King of the Underworld Hades
99%
God of the Ocean, Horses, and Earthquakes Poseidon
97%
Woman with a stony-eyed stare Medusa
96%
Goddess of Passion and Beauty Aphrodite
94%
God of the Sun, Archery, and Medicine Apollo
94%
Virgin Goddess of the Hunt and the Moon Artemis
93%
Half man, half bull Minotaur
92%
The hero of the Greeks during the Trojan War, had only one weakness Achilles
90%
Goddess that sprang full-grown from Zeus' head Athena
90%
The three-headed guardian of the underworld Cerberus
90%
Goddess of Fertility and Agriculture Demeter
90%
God of Wine and Revelry Dionysus
90%
The river that forms the boundary between the earth and the underworld Styx
88%
Type of monster she was Gorgon
85%
Flew too close to the sun and fell to the ocean as his wings melted Icarus
84%
God of the Wilderness and Panic Pan
84%
Hero who slayed the above by showing her her own reflection in his shield Perseus
84%
The collective term for the 9 goddesses of music and art Muses
82%
Ancient Earth Deity Gaia
80%
Virgin Goddess of the Hearth Hestia
80%
Girl who opened the jar containing all of the world's evils Pandora
79%
Sea creatures who lure sailors to their deaths with their voices Siren
78%
Small nature deity, inhabiting a tree, river, or other Nymph
77%
Known for his guile and cleverness, fought in the Trojan War and took 10 years to get home Odysseus
76%
Goddess of the Rainbow Iris
74%
The face that sailed a thousand ships Helen
73%
Trainer of heroes, half man, half horse Chiron
72%
The Prince of Troy who caused the Trojan War Paris
72%
Half-goat, half-man, creature of the forests Satyr
72%
Hero who slayed the above Theseus
72%
The weavers of destiny, always working at their loom Fates
70%
God of Sleep Hypnos
70%
The hero of the Trojans, known for his incredible strength and size Hector
67%
Goddess of Magic and Sorcery Hecate
66%
Sorceress who turned men to swine Circe
64%
Creature who speaks in rhymes and riddles, body of a lion and torso of a woman Sphinx
63%
God of Death Thanatos
63%
The ferryman, guiding souls to their eternity Charon
62%
Half-human, half-bird, personification of storm winds Harpy
62%
Six headed monster, companion to the below Scylla
57%
Young deity who kept the clever hero enamored on her island for seven years Calypso
54%
Female deities of vengeance (plural) Furies
52%
Wife of the clever hero from above, tricked her suitors by weaving and unweaving Penelope
52%
Trained by the god Apollo to have superhuman musical ability Orpheus
50%
The friend and suspected lover of the above Patroclus
50%
Trojan prophet cursed that none would ever believe her warnings Cassandra
49%
Monstrous, fire-breathing hybrid creature Chimera
48%
Commander of the Greeks at the Trojan War Agamemnon
45%
Creature who eternally drank and spat out the sea, companion to the above Charybdis
42%
Wife of the above, died early and gave him his quest Eurydice
40%
The above, specifically inhabiting a tree Dryad
39%
Warrior known for his strength and size, second only to Achilles in the Trojan War Ajax
36%
The river of forgetfulness and oblivion Lethe
36%
Cup-bearer of the Gods Hebe
29%
Creator of the labyrinth and the wax wings Daedelus
24%
No matching quizzes found
Score Distribution
Percent of People with Each Score
Percentile by Number Answered
Your Score History
You have not taken this quiz